Guatemala: nunca más (versión resumida)/
El documento consiste en un informe del Proyecto Interdiocesano: "Recuperación de la Memoria Histórica", en la que se analiza diversos testimonios sobre violaciones de los derechos humanos ocurridos durante el conflicto armado interno guatemalteco.
Guardat en:
| Autor corporatiu: | |
|---|---|
| Format: | Llibre |
| Idioma: | Spanish |
| Publicat: |
Guatemala:
Tercera Prensa-Hurugarren Prentsa S.L.,
1998
|
| Col·lecció: | GAKOA
N° 38 |
| Matèries: | |
| Etiquetes: |
Afegir etiqueta
Sense etiquetes, Sigues el primer a etiquetar aquest registre!
|
MARC
| LEADER | 00000nam a22000007a 4500 | ||
|---|---|---|---|
| 003 | cru CIDCACS/IIS | ||
| 005 | 20230522110301.0 | ||
| 007 | ta | ||
| 008 | 180530t1998 gt |||||r|||||||| ||spa|d | ||
| 020 | |a 848730348X | ||
| 040 | |c cru CIDCACS/IIS | ||
| 090 | |a 02.04.03 O32g | ||
| 110 | 2 | |9 7288 |a Oficina de Derechos Humanos del Arzobispado de Guatemala | |
| 245 | 1 | |a Guatemala: |b nunca más (versión resumida)/ |c Oficina de Derechos Humanos del Arzobispado de Guatemala | |
| 246 | |f Informe del Proyecto Interdiocesano Recuperación de la Memoria Histórica | ||
| 260 | |a Guatemala: |b Tercera Prensa-Hurugarren Prentsa S.L., |c 1998 | ||
| 300 | |a 445 páginas | ||
| 440 | |a GAKOA |9 7289 |v N° 38 | ||
| 520 | 3 | |a El documento consiste en un informe del Proyecto Interdiocesano: "Recuperación de la Memoria Histórica", en la que se analiza diversos testimonios sobre violaciones de los derechos humanos ocurridos durante el conflicto armado interno guatemalteco. | |
| 650 | 0 | 0 | |9 7386 |a VIOLACION A LOS DERECHOS HUMANOS |
| 650 | 0 | 0 | |9 139 |a CONFLICTO ARMADO |
| 650 | 0 | 0 | |9 3691 |a POLITICA |
| 651 | 0 | |9 142 |a GUATEMALA | |
| 942 | |2 ddc |c LI |h 02.04.03 O32g |i 17761 |6 020403_O32G_17761 | ||
| 999 | |c 41477 |d 41477 | ||



